Majority Creole Speaking Countries with Map - Statistics

General Stats
  • This quiz has been taken 110 times
  • The average score is 19 of 26
Answers on the Map
Answers color-coded by a green-red scale on the quiz's map according to % correct below.
 
Answer Stats
% of Country Answer Creole Language(s) % Correct
100% Haiti Haitian Creole (French-based)
97%
83% Jamaica Jamaican Patois (English-based), Jamaican Maroon Creole (English-based)
90%
82% Bahamas Bahamian Creole (English-based), Haitian Creole (French-based)
86%
90% Antigua and Barbuda Leeward Caribbean Creole (English-based)
83%
93% Barbados Bajan Creole (English-based)
83%
82% Saint Kitts and Nevis Leeward Caribbean Creole (English-based)
83%
90% Mauritius Mauritian Creole (French-based)
82%
93% Seychelles Seychellois Creole (French-based)
82%
92% Trinidad and Tobago Trinidadian Creole (English-based), Tobagonian Creole (English-based), Antillean Creole (French-based)
82%
100% Cape Verde Cape Verdean Creole (Portuguese-based)
80%
95% Saint Lucia Antillean Creole (French-based)
80%
99% Saint Vincent and the Grenadines Vincentian Creole (English-based)
80%
62% Dominica Antillean Creole (French-based)
78%
89% Grenada Grenadian Creole (English-based), Antillean Creole (French-based)
77%
89% Guyana Guyanese Creole (English-based)
77%
64% Sao Tome and Principe Forro (Portuguese-based), Cape Verdean Creole (Portuguese-based), Angolar (Portuguese-based), Principense (Portuguese-based)
77%
92% Suriname Sranan Tongo (English-based), Saramaccan (English-based), Ndyuka (English-based), Kwinti (English-based)
77%
72% Papua New Guinea Tok Pisin (English-based)
59%
96% Sierra Leone Sierra Leonean Krio (English-based)
58%
84% Vanuatu Bislama (English-based)
58%
58% Nigeria Nigerian Pidgin (English-based)
57%
98% Liberia Liberian Kreyol (English-based)
54%
83% Solomon Islands Pijin (English-based)
54%
88% Guinea-Bissau Guinea-Bissau Creole (Portuguese-based)
47%
71% Singapore Singlish (English-based)
40%
90% Central African Republic Sango (Ngbandi-based)
34%
No matching quizzes found
Score Distribution
Percent of People with Each Score
Percentile by Number Answered
Your Score History
You have not taken this quiz